| 000 | 00874nam a22002897a 4500 | ||
|---|---|---|---|
| 003 | CHAP | ||
| 005 | 20220329140645.0 | ||
| 008 | 971013s1972 r 00010 d | ||
| 010 | _a55480 | ||
| 011 | _a56452 | ||
| 035 | _a60605 | ||
| 040 | _cCHAP | ||
| 082 |
_a001.424 _bS5 |
||
| 100 | 0 | 0 |
_aSimmons, Donald M. _9106165 |
| 245 | _aLinear programming for operations research | ||
| 260 |
_aSan Francisco : _bHolden-Day, _c1972 |
||
| 300 | _a288 p. | ||
| 590 |
_aBATCH-UPD _b10 _c20130110 _lUCH01 _h0437 |
||
| 590 |
_aBATCH-UPD _b10 _c20130410 _lUCH01 _h0113 |
||
| 590 |
_aBATCH-UPD _b10 _c20130914 _lUCH01 _h1850 |
||
| 590 |
_aCONVERSION _b10 _c20130109 _lUCH01 _h1330 |
||
| 650 | 1 | 4 |
_aOperaciones _xInvestigación. _983361 |
| 650 | 1 | 4 |
_aProgramación lineal. _992371 |
| 901 | _aBK | ||
| 942 | _cLIBRO | ||
| 949 |
_a001.424 S5 _bBC _cLIBRO _d33724000225686 _eLIBRO _h35016 _i60605 _si |
||
| 999 |
_c55480 _d55480 |
||